| 000 | 01035nam a22003251a 4500 | ||
|---|---|---|---|
| 001 | 21077 | ||
| 003 | CZ PrNK | ||
| 005 | 20260212142427.0 | ||
| 007 | ta | ||
| 008 | 040827s1966 xo g 000 f slo | ||
| 020 | _q(Váz.) | ||
| 040 |
_aABA001 _bcze _cABA001 _dABA001 |
||
| 041 | 1 |
_aslo _hfre |
|
| 072 | 7 |
_a821.133.1-3 _xFrancouzská próza, francouzsky psaná _2Konspekt |
|
| 080 |
_a821.133.1-31 _2MRF |
||
| 080 |
_a(0:82-31) _2MRF |
||
| 100 | 1 |
_aZola, Émile, _d1840-1902 _4aut |
|
| 240 | 1 | 0 |
_aAu bonheur des dames. _lSlovensky |
| 245 | 1 | 0 |
_aŠťastie dám / _cEmile Zola ; z franc. orig. ... Au bonheur des dames... prel. Ondrej Žiška |
| 250 | _a1. vyd. | ||
| 260 |
_aBratislava : _bTatran, _c1966 |
||
| 300 |
_a382 s. ; _c8° |
||
| 490 | 1 |
_aHviezdoslavova knižnica ; _vzv. 128. _aSvetový rad ; _vzv. 53 |
|
| 500 | _aFrontisipce | ||
| 655 | 7 |
_afrancouzské romány _2czenas |
|
| 700 | 1 |
_aŽiška, Ondrej _4trl |
|
| 830 | 0 |
_aHviezdoslavova knižnica (Tatran). _pSvetový rad |
|
| 910 | _aABA001 | ||
| 942 |
_2ddc _cKLDO _n0 |
||
| 999 |
_c21077 _d21077 |
||